| 000 | 01165nam0a22002771 4500 | ||
|---|---|---|---|
| 001 | rc\659502 | ||
| 005 | 20260407073359.0 | ||
| 035 | _a(NLR Aleph) 005898882 | ||
| 090 |
_a6255582 _c6255582 |
||
| 100 | _a20031121d1986 |||y0rusy50 ca | ||
| 101 | 0 | _arus | |
| 102 | _aRU | ||
| 105 | _aa ||||||||| | ||
| 200 | 1 |
_aА.Н. Воронихин. Т. де Томон. А.Д. Захаров _e(К 225-летию со дня рождения) _eИз фондов Эрмитажа _eКат. выст. _f[Составители А.Н. Воронихина и др. _gВступ. ст. Т.А. Петровой, с. 3-21] |
|
| 210 |
_aЛ. _cБ. и. _d1986 |
||
| 215 |
_a44 с., [9] л. ил. _d15х21 |
||
| 320 | _aБиблиогр. в примеч.: с. 21 | ||
| 600 | 1 |
_aТомон _bТ. де _gТома де _2psbo |
|
| 600 | 1 |
_aЗахаров _bА.Д. _gАндреян Дмитриевич _2psbo |
|
| 702 | 1 |
_aВоронихина _bА.Н. _gАнна Николаевна _4220 |
|
| 712 | 0 | 2 |
_aЭрмитаж _cЛенинград _3RU\NLR\AUTH\883314 _9277858 |
| 801 | 0 |
_aRU _bNLR _gpsbo |
|
| 801 | 1 |
_aRU _bELAR _2rusmarc |
|
| 852 |
_aNLR _bЭ _jКИс134/Л452 |
||
| 942 | _cBOOK | ||
| 980 | _aNB | ||